| 000 | 00480nam a2200169Ia 4500 | ||
|---|---|---|---|
| 003 | OSt | ||
| 005 | 20200805121919.0 | ||
| 008 | 190216s9999||||xx |||||||||||||| ||und|| | ||
| 040 | _coclc | ||
| 082 |
_a519.5 _bKAP/M |
||
| 100 |
_aKapur, J N _93981 |
||
| 245 | 0 |
_aMathematical Statistics / _cJ N Kapur ; H C Saxena |
|
| 260 |
_bS Chand & Co, _c1989. _aNew Delhi: |
||
| 300 | _a659p | ||
| 650 | _aMathematics | ||
| 942 |
_cBK _2ddc _h519.5 _iKAP/M _k519.5 _mKAP/M |
||
| 999 |
_c30998 _d30998 |
||